000 00368nam a22001217a 4500
008 130616b xxu||||| |||| 00| 0 eng d
082 _222 ed.
_a348.041WEE
_b1
100 _aWILLIAM,ROBERT.
245 _aThe Weekly Law Reports 1998 VOL.3
_cWILLIAM,ROBERT.
260 _aLONDON
_bTHE INCORPROATE COUNCIL OF LAW REPORTING
300 _axxvi.;1558p
_c24cm.
942 _2ddc
_cLRT
999 _c5422
_d5422